000 01878nam0a2200385 4500
001 RU\NLR\BIBL_A\012684269
005 20220201142400.0
010 _a978-5-00167-257-9
_93000
021 _aRU
_bКН-П-21-062708
_9КН-П-21-4919
035 _a(NLR Aleph) 012684269
035 _a(RuMoRGB)010800975
090 _a12825735
_c12825735
100 _a20220114d2021 b y0rusy50 ca
101 1 _arus
_ceng
102 _aRU
105 _aa z 000ay
181 0 _ai
_baxxe
182 0 _an
200 1 _aЛисёнок Лютер и листопад
_e[для дошкольного возраста]
_fДжулия Роулинсон и Тифани Бик
_g[ил. Тифани Бик
_gперевод с английского Алёны Щербаковой]
203 _aТекст
_bвизуальный
_cнепосредственный
210 _aМосква
_cСамокат
_d2021
215 _a[32] с.
_cцв. ил.
_d25
225 1 _aСерия "Лисёнок Лютер"
330 _aЛютер взволнован: его любимое дерево потускнело, листья стали коричневыми и вот-вот опадут. Мама советует не беспокоиться-это просто осень. Но сильный ветер уносит все листики дерева, и Лютер теряет надежду... И вот тогда происходит настоящее чудо
333 _a0+
686 0 _aШ9(4Вл)60-4
700 1 _7ca
_8rus
_aРоулинсон
_bД.
_gДжулия
_9229575
_3RU\NLR\AUTH\770229631
701 1 _aБик
_bТ.
_gТифани
702 1 _aБик
_bТ.
_gТифани
_4440
942 _cBOOK
980 _aNB